000 00906nam a2200205Ii 4500
003 JO-AjNU
008 230605s9999||||xx |||||||||||||| ||und||
040 _aJO-AjNU
_bara
_erda
_cJO-AjNU
041 _aara
050 1 4 _aHN251.S4 1958
100 3 _aتأليف: شيدلنجر، سول ؛ ترجمة: سامي محمود علي ,
_eauthor
_99290
245 0 0 _aالتحليل النفسي والسلوك الجماعي: دراسة في سيكولوجية الجماعات من وجهة نظر التحليل النفسي
264 3 1 _aالقاهرة: دار المعارف، 1958
300 _a207ص
336 _atext
_btxt
_2rdacontent
337 _aunmediated
_bn
_2rdamedia
338 _avolume
_bnc
_2rdacarrier
490 0 _aسلسلة مجموعة سيكولوجية العلاقات الانسانية باشراف عبد المنعم المليجي
650 4 _aعلم نفس اجتماعي
_99291
999 _aA1222
_c4790
_d4790